<?xml version="1.0" encoding="UTF-8"?><?xml-stylesheet type="text/xsl" href="static/style.xsl"?><OAI-PMH xmlns="http://www.openarchives.org/OAI/2.0/" xmlns:xsi="http://www.w3.org/2001/XMLSchema-instance" xsi:schemaLocation="http://www.openarchives.org/OAI/2.0/ http://www.openarchives.org/OAI/2.0/OAI-PMH.xsd"><responseDate>2026-06-01T23:34:45Z</responseDate><request verb="GetRecord" identifier="oai:riuma.uma.es:10630/10061" metadataPrefix="marc">https://riuma.uma.es/rest/oai/request</request><GetRecord><record><header><identifier>oai:riuma.uma.es:10630/10061</identifier><datestamp>2026-02-03T12:05:38Z</datestamp><setSpec>com_10630_2254</setSpec><setSpec>col_10630_37959</setSpec></header><metadata><record xmlns="http://www.loc.gov/MARC21/slim" xmlns:dcterms="http://purl.org/dc/terms/" xmlns:doc="http://www.lyncode.com/xoai" xmlns:xsi="http://www.w3.org/2001/XMLSchema-instance" xsi:schemaLocation="http://www.loc.gov/MARC21/slim http://www.loc.gov/standards/marcxml/schema/MARC21slim.xsd">
   <leader>00925njm 22002777a 4500</leader>
   <datafield ind2=" " ind1=" " tag="042">
      <subfield code="a">dc</subfield>
   </datafield>
   <datafield ind2=" " ind1=" " tag="720">
      <subfield code="a">Angulo-Guerrero, María José</subfield>
      <subfield code="e">author</subfield>
   </datafield>
   <datafield ind2=" " ind1=" " tag="720">
      <subfield code="a">Pérez-Moreno, Salvador Jesús</subfield>
      <subfield code="e">author</subfield>
   </datafield>
   <datafield ind2=" " ind1=" " tag="720">
      <subfield code="a">Abad-Guerrero, Isabel María</subfield>
      <subfield code="e">author</subfield>
   </datafield>
   <datafield ind2=" " ind1=" " tag="260">
      <subfield code="c">2015-07-09</subfield>
   </datafield>
   <datafield ind2=" " ind1=" " tag="520">
      <subfield code="a">The levels and characteristics of entrepreneurship differ widely across EU member countries due to diverse cultural, educational, economic-financial and institutional reasons. Taking as reference data provided by the Global Entrepreneurship Monitor (GEM), this paper analyzes the disparities in entrepreneurship indicators among the EU member countries in 2007 and 2013, highlighting the most significant changes occurred during the Great Recession. For this purpose, some of the major indices of inequality have been calculated, namely the Gini, Theil and Atkinson indices. In addition, the change in the Gini coefficient between these two years is additively decomposed into mobility and progressivity components, and growth incidence curves of some key indicators of entrepreneurial activity are estimated. Overall, we find that inequality among countries in most entrepreneurial attitude and aspiration indicators tends to diminish over the period 2007-2013. For all indicators the reduction is more generalized across the efficiency-driven economies than across the innovation-driven economies.</subfield>
   </datafield>
   <datafield ind1="8" ind2=" " tag="024">
      <subfield code="a">http://hdl.handle.net/10630/10061</subfield>
   </datafield>
   <datafield ind1="8" ind2=" " tag="024">
      <subfield code="a">http://orcid.org/0000-0002-9867-6337</subfield>
   </datafield>
   <datafield tag="653" ind2=" " ind1=" ">
      <subfield code="a">Empresas - Gestión</subfield>
   </datafield>
   <datafield ind2="0" ind1="0" tag="245">
      <subfield code="a">Disparities in entrepreneurship indicators across EU countries</subfield>
   </datafield>
</record>
</metadata></record></GetRecord></OAI-PMH>